[Event "BW 2018 B-Open"]
[Site "Bad Woerishofen"]
[Date "2018.02.24"]
[Round "3.11"]
[White "Natterer, Winfried"]
[Black "Wibel, Stefan"]
[Result "0-1"]
[WhiteElo "1810"]
[BlackElo "1768"]
[Annotator "chessorg"]
[PlyCount "60"]
[EventDate "2018.??.??"]
[WhiteTeam "SC Dietmannsried"]
[BlackTeam "SF Bad Groenenbach"]

1. e4 d6 2. d4 Nf6 3. Bd3 g6 4. Nf3 Bg7 5. Bg5 h6 6. Bh4 c6 7. Nbd2 O-O 8. c3
Nh5 9. O-O Nf4 10. Bc2 Qc7 11. Bg3 e5 12. c4 c5 13. d5 Bd7 14. a4 Na6 15. Ra3
Nb4 16. Bb1 a6 17. a5 b5 18. b3 bxc4 19. Nxc4 Bb5 20. Nfd2 Rab8 21. Re1 Rb7 22.
Nb6 Nbd3 23. Re3 f5 24. Ndc4 fxe4 25. Rxe4 Bxc4 26. Rxc4 Nb2 27. Qc2 Nxc4 28.
Bxf4 Nxa3 29. Qxg6 Nxb1 30. Bxh6 Qf7 0-1

[Event "BW 2018 B-Open"]
[Site "Bad Woerishofen"]
[Date "2018.02.24"]
[Round "3.12"]
[White "Walda, Michael"]
[Black "Bogner, Simon"]
[Result "1-0"]
[WhiteElo "1976"]
[BlackElo "1674"]
[Annotator "chessorg"]
[PlyCount "65"]
[EventDate "2018.??.??"]
[WhiteTeam "SAbt Niederraeder TG"]
[BlackTeam "SK Buchloe"]

1. e4 d6 2. Nc3 Nf6 3. Bc4 g6 4. d3 Bg7 5. Be3 c6 6. Bb3 Nbd7 7. d4 O-O 8. Nge2
Qc7 9. Nf4 b5 10. f3 Nb6 11. h4 e6 12. h5 a5 13. hxg6 hxg6 14. a4 b4 15. Nce2
c5 16. e5 dxe5 17. dxc5 Rd8 18. Qc1 Nbd5 19. Nxd5 exd5 20. Bh6 Bh8 21. Bg5 Bg7
22. Qd2 Qxc5 23. O-O-O Bb7 24. Bh6 Bh8 25. Be3 d4 26. Rxh8+ Kxh8 27. Rh1+ Kg8
28. Bh6 d3 29. Bg7 Ng4 30. fxg4 Kxg7 31. Qh6+ Kf6 32. Rf1+ Ke7 33. Rxf7+ 1-0

[Event "BW 2018 B-Open"]
[Site "Bad Woerishofen"]
[Date "2018.02.24"]
[Round "3.18"]
[White "Sakowski, Christian"]
[Black "Gajewski, Richard"]
[Result "1-0"]
[WhiteElo "1822"]
[BlackElo "1694"]
[Annotator "chessorg"]
[PlyCount "95"]
[EventDate "2018.??.??"]
[WhiteTeam "Schachclub Muelheim 08/25 e.V."]
[BlackTeam "SAbt Wolframs-Eschenbach"]

1. d4 e6 2. e4 b6 3. c4 Bb7 4. Nc3 h6 5. a3 Nf6 6. f3 Be7 7. Be3 a6 8. Bd3 Nh7
9. f4 Bh4+ 10. g3 Bf6 11. Nf3 g5 12. O-O gxf4 13. Bxf4 Ng5 14. Kg2 Nxf3 15.
Qxf3 Bxd4 16. Be5 Qe7 17. Bxd4 Rf8 18. Bf6 Qd6 19. Bg7 Nc6 20. Bxf8 Qxf8 21.
Qf6 Ne7 22. Kg1 Ng8 23. Qf4 Qc5+ 24. Qf2 Qe7 25. e5 Rd8 26. Bh7 Qf8 27. Bxg8
Qxg8 28. Rae1 d6 29. Ne4 Qg6 30. Nf6+ Kf8 31. Rd1 d5 32. cxd5 exd5 33. Qf5 Ke7
34. Qxg6 fxg6 35. Ng4 h5 36. Nf2 d4 37. Nd3 c5 38. Rf6 c4 39. Rxb6 Be4 40. Nc5
Bf3 41. Re6+ Kf7 42. Rf6+ Ke7 43. Rxf3 Rd5 44. Ne4 d3 45. Kf2 Rxe5 46. Nc3 Kd6
47. Re1 Rg5 48. Ne4+ 1-0

[Event "BW 2018 B-Open"]
[Site "Bad Woerishofen"]
[Date "2018.02.24"]
[Round "3.23"]
[White "Natoli, Domenico"]
[Black "Huber, Dorit"]
[Result "1-0"]
[WhiteElo "1737"]
[BlackElo "1563"]
[Annotator "chessorg"]
[PlyCount "61"]
[EventDate "2018.??.??"]
[WhiteTeam "CENTROSCACCHI PALERMO"]
[BlackTeam "SK Germering"]

1. d4 f5 2. Bg5 g6 3. Nc3 Nh6 4. e4 d6 5. Bc4 Nf7 6. Bxf7+ Kxf7 7. exf5 Bxf5 8.
Qf3 Ke8 9. O-O-O c6 10. Nh3 Qc8 11. Rhe1 Bxh3 12. gxh3 Qf5 13. Qe3 Qf7 14. d5
h6 15. Bf4 Kd7 16. dxc6+ Nxc6 17. Nd5 e6 18. Nc3 d5 19. Nb5 Bb4 20. c3 a6 21.
Nc7 Bxc3 22. bxc3 Rac8 23. Qxe6+ Qxe6 24. Nxe6 Ne7 25. Kb2 g5 26. Bg3 Rc6 27.
Nd4 Rc4 28. Rd3 Rh7 29. Nc2 Kc6 30. Re6+ Kd7 31. Rd6+ 1-0

[Event "BW 2018 B-Open"]
[Site "Bad Woerishofen"]
[Date "2018.02.24"]
[Round "3.24"]
[White "Schwirz, Horst"]
[Black "Fischer, Johann"]
[Result "0-1"]
[WhiteElo "1559"]
[BlackElo "1721"]
[Annotator "chessorg"]
[PlyCount "64"]
[EventDate "2018.??.??"]
[WhiteTeam "Niendorfer TSV 1919 SAbt"]
[BlackTeam "SK Krumbach"]

1. Nf3 d5 2. g3 c6 3. Bg2 Nf6 4. d3 e6 5. Nbd2 Bd6 6. e4 dxe4 7. dxe4 Bc5 8.
O-O O-O 9. Qe2 Qc7 10. Rd1 Ng4 11. Rf1 e5 12. Nc4 Be6 13. Ne3 Nd7 14. h3 Ngf6
15. Ng5 Rfe8 16. Nxe6 Rxe6 17. c3 a6 18. a4 Ba7 19. b4 Rae8 20. h4 g6 21. Bh3
R6e7 22. Ng2 Nh5 23. Qc4 Nxg3 24. Rd1 Nf6 25. Bg5 Ngxe4 26. Ne3 Nxg5 27. hxg5
Nh5 28. Ng4 Kg7 29. Nh6 Nf4 30. Bg4 Qb6 31. Qf1 Nd5 32. a5 Qc7 0-1

[Event "BW 2018 B-Open"]
[Site "Bad Woerishofen"]
[Date "2018.02.24"]
[Round "3.26"]
[White "Meroni, Alberto"]
[Black "Frijling, Jeroen"]
[Result "0-1"]
[WhiteElo "1028"]
[BlackElo "1696"]
[Annotator "chessorg"]
[PlyCount "64"]
[EventDate "2018.??.??"]
[BlackTeam "Alphense SC"]

1. d4 Nf6 2. c4 c6 3. Nc3 d5 4. e3 a6 5. Nf3 b5 6. cxb5 cxb5 7. a3 Bg4 8. Be2
e6 9. O-O Bd6 10. Qc2 Nbd7 11. e4 dxe4 12. Nxe4 Be7 13. Nxf6+ Bxf6 14. Be3 Rc8
15. Qe4 Bf5 16. Qf4 Nb6 17. Rad1 Nd5 18. Qg3 O-O 19. Bg5 Bxg5 20. Nxg5 h6 21.
Nf3 Rc2 22. Bd3 Bxd3 23. Rxd3 Rxb2 24. Rc1 Qa5 25. h3 Qa4 26. Nd2 Rc2 27. Rxc2
Qxc2 28. Nb3 Nf4 29. Re3 Ne2+ 30. Rxe2 Qxe2 31. Qd6 Qd1+ 32. Kh2 Qxb3 0-1

[Event "BW 2018 B-Open"]
[Site "Bad Woerishofen"]
[Date "2018.02.24"]
[Round "3.27"]
[White "Kearsley, Raymond"]
[Black "Degaudenz, Fabio"]
[Result "1/2-1/2"]
[WhiteElo "1616"]
[BlackElo "1514"]
[Annotator "chessorg"]
[PlyCount "40"]
[EventDate "2018.??.??"]
[WhiteTeam "Wimbledon"]

1. e4 c5 2. Nf3 e6 3. d3 g6 4. g3 Bg7 5. Bg2 Nc6 6. O-O Nge7 7. Nbd2 O-O 8. Qe2
Qc7 9. Re1 e5 10. c3 d6 11. Nf1 Bg4 12. Ne3 Bxf3 13. Bxf3 Rab8 14. h4 b5 15.
Nd5 Nxd5 16. exd5 Ne7 17. Bd2 a5 18. a3 Rb7 19. Rac1 Qb6 20. Rc2 Rfb8 1/2-1/2

[Event "BW 2018 B-Open"]
[Site "Bad Woerishofen"]
[Date "2018.02.24"]
[Round "3.30"]
[White "Sauerwein, Martin"]
[Black "Zeleny, Luca"]
[Result "1-0"]
[WhiteElo "1527"]
[BlackElo "1659"]
[Annotator "chessorg"]
[PlyCount "81"]
[EventDate "2018.??.??"]
[BlackTeam "SV Unser Fritz"]

1. e4 d6 2. d3 Nf6 3. Nd2 c5 4. g3 g6 5. Bg2 e5 6. Ngf3 Nc6 7. O-O Bg7 8. b3 b5
9. Bb2 Nd7 10. a4 Qb6 11. axb5 Qxb5 12. Nc4 Qb8 13. Nfd2 Nb6 14. f4 O-O 15.
fxe5 Nxe5 16. Nxe5 dxe5 17. Qe2 a5 18. Ba3 Qc7 19. Nc4 a4 20. Nxb6 Qxb6 21. Qf2
axb3 22. Bxc5 Qb5 23. Rxa8 b2 24. Rb1 Be6 25. Bxf8 Bxf8 26. c4 Qc6 27. Rb8 Kg7
28. Qxb2 Bc5+ 29. Kf1 Bd4 30. Qb5 Qd6 31. Qb3 Qe7 32. Ke2 Bg4+ 33. Bf3 Bxf3+
34. Kxf3 Qf6+ 35. Kg2 Qf2+ 36. Kh3 g5 37. Qd1 Kg6 38. Rg8+ Kh6 39. Qf1 Qd2 40.
Qf6+ Kh5 41. g4# 1-0

[Event "BW 2018 B-Open"]
[Site "Bad Woerishofen"]
[Date "2018.02.24"]
[Round "3.31"]
[White "Keymling, Detlev"]
[Black "Gupta, Sara"]
[Result "1-0"]
[WhiteElo "1641"]
[BlackElo "1315"]
[Annotator "chessorg"]
[PlyCount "78"]
[EventDate "2018.??.??"]
[WhiteTeam "SK Rochade Augsburg"]

1. c4 c5 2. g3 g6 3. Bg2 Bg7 4. Nc3 Nc6 5. d3 e6 6. e4 Nge7 7. Bf4 a6 8. Nge2
d6 9. O-O O-O 10. Qd2 Nd4 11. Bh6 Nec6 12. Bxg7 Kxg7 13. Nf4 Ne5 14. Kh1 b5 15.
Nfe2 bxc4 16. Nxd4 cxd4 17. Ne2 Nxd3 18. Nxd4 Qb6 19. Qc3 e5 20. Nc2 Nxf2+ 21.
Rxf2 Qxf2 22. Qxc4 Be6 23. Qd3 d5 24. Rf1 Qc5 25. b4 Qc4 26. Qd1 dxe4 27. Ne3
Qxb4 28. Qe2 Rad8 29. Qe1 Qd2 30. Bxe4 Qxe1 31. Rxe1 Rd4 32. Nc2 Rc4 33. Re2
Bg4 34. Rd2 Rxe4 35. Rd6 Rc8 36. Rd2 Re2 37. Rxe2 Bxe2 38. Ne3 Rc3 39. Nd5 Bf3+
1-0

[Event "BW 2018 B-Open"]
[Site "Bad Woerishofen"]
[Date "2018.02.25"]
[Round "4.3"]
[White "Wibel, Stefan"]
[Black "Spanton, Timothy"]
[Result "0-1"]
[WhiteElo "1768"]
[BlackElo "1901"]
[Annotator "chessorg"]
[PlyCount "70"]
[EventDate "2018.??.??"]
[WhiteTeam "SF Bad Groenenbach"]

1. d4 d5 2. Nf3 Nc6 3. e3 Bg4 4. Be2 Nf6 5. c3 e6 6. Nbd2 Bd6 7. b3 e5 8. dxe5
Nxe5 9. Bb2 O-O 10. Nxe5 Bxe2 11. Nxf7 Rxf7 12. Qxe2 Qd7 13. h3 Re8 14. O-O Qf5
15. Nf3 Ne4 16. Rad1 c6 17. c4 dxc4 18. Qxc4 Qg6 19. Be5 b5 20. Qxc6 Rxf3 21.
Bxd6 Rf6 22. Qd5+ Kh8 23. Bb4 Rf5 24. Qd7 Rg5 25. g3 Nxg3 26. fxg3 Rxg3+ 27.
Kh2 Rgxe3 28. Qf5 Re2+ 29. Qf2 Rxf2+ 30. Rxf2 h6 31. Rd6 Qh5 32. Rdd2 Re3 33.
Rg2 Qxh3+ 34. Kg1 Re1+ 35. Kf2 Qe3# 0-1

[Event "BW 2018 B-Open"]
[Site "Bad Woerishofen"]
[Date "2018.02.25"]
[Round "4.4"]
[White "Urban, Rudolf"]
[Black "Walda, Michael"]
[Result "1-0"]
[WhiteElo "1841"]
[BlackElo "1976"]
[Annotator "chessorg"]
[PlyCount "99"]
[EventDate "2018.??.??"]
[WhiteTeam "SC Roter Turm Altstadt"]
[BlackTeam "SAbt Niederraeder TG"]

1. d4 Nc6 2. Nf3 d6 3. Bf4 Bg4 4. Bg3 Nf6 5. Nbd2 Nh5 6. c3 f5 7. d5 Nb8 8. e3
c6 9. Bh4 Nf6 10. Bxf6 gxf6 11. h3 Bh5 12. Bd3 Qc8 13. Qc2 Bg6 14. Nd4 cxd5 15.
g4 e5 16. Nxf5 e4 17. Bb5+ Nc6 18. Nd4 a6 19. Ba4 b5 20. Nxc6 Qxc6 21. Bb3 Rc8
22. Qd1 Qc5 23. Nf1 Bf7 24. Ng3 Be7 25. Nf5 Bd8 26. Qd2 h5 27. Ng7+ Kd7 28.
Nxh5 Bxh5 29. gxh5 Rxh5 30. Rd1 Ke6 31. Qe2 Re5 32. Qg4+ f5 33. Qg8+ Kd7 34.
Rxd5 Rxd5 35. Bxd5 Rb8 36. Qe6+ Kc7 37. Qf7+ Kb6 38. Qxf5 b4 39. c4 b3 40. a3
Ka7 41. Rg1 Ba5+ 42. Kd1 Bc3 43. Kc1 Qa5 44. Qd7+ Kb6 45. Qxd6+ Ka7 46. Qd7+
Kb6 47. Bxe4 Bxb2+ 48. Kxb2 Qh5 49. Rg6+ Ka5 50. Qc7+ 1-0

[Event "BW 2018 B-Open"]
[Site "Bad Woerishofen"]
[Date "2018.02.25"]
[Round "4.5"]
[White "Sakowski, Christian"]
[Black "Listl, Rudolf"]
[Result "1/2-1/2"]
[WhiteElo "1822"]
[BlackElo "1975"]
[Annotator "chessorg"]
[PlyCount "70"]
[EventDate "2018.??.??"]
[WhiteTeam "Schachclub Muelheim 08/25 e.V."]
[BlackTeam "SC Peiting"]

1. Nf3 Nf6 2. g3 b6 3. Bg2 Bb7 4. O-O e6 5. d4 Be7 6. c4 O-O 7. Nc3 d5 8. cxd5
exd5 9. b3 Re8 10. Bb2 Nbd7 11. e3 Rc8 12. Rc1 c6 13. Re1 Bb4 14. a3 Bd6 15.
Rc2 Ba6 16. Bf1 Bxf1 17. Kxf1 Qe7 18. Qa1 Qe6 19. Kg2 h5 20. Qd1 Nf8 21. Rc1
Ng6 22. Ng5 Qf5 23. h4 Ng4 24. Qf3 Qd7 25. Ne2 f6 26. Nh3 Re4 27. Nc3 Re7 28.
Nxd5 cxd5 29. Qxd5+ Re6 30. Nf4 Rxc1 31. Bxc1 Nf8 32. Nxe6 Nxe6 33. e4 Qe7 34.
f3 Nh6 35. Bxh6 gxh6 1/2-1/2

[Event "BW 2018 B-Open"]
[Site "Bad Woerishofen"]
[Date "2018.02.25"]
[Round "4.6"]
[White "Litfin, Boris"]
[Black "Plug, Arjan"]
[Result "0-1"]
[WhiteElo "1978"]
[BlackElo "1832"]
[Annotator "chessorg"]
[PlyCount "74"]
[EventDate "2018.??.??"]
[WhiteTeam "SC Emmemdingen"]
[BlackTeam "Daniel Noteboom"]

1. e4 e6 2. d3 d5 3. Nd2 Nf6 4. Ngf3 Nc6 5. g3 dxe4 6. dxe4 Bc5 7. Bg2 e5 8.
O-O O-O 9. Re1 Ng4 10. Rf1 b6 11. h3 Nf6 12. c3 a5 13. Re1 Ba6 14. Nh4 g6 15.
Qf3 Nh5 16. Nb3 Qd3 17. Be3 Bxe3 18. fxe3 a4 19. Rad1 Qc4 20. Bf1 Qe6 21. Bxa6
Rxa6 22. g4 axb3 23. gxh5 bxa2 24. Kh2 Rd8 25. Rxd8+ Nxd8 26. Qf1 Ra8 27. Ra1
Nb7 28. h6 Nc5 29. Qd1 Qd6 30. Qf3 Nb3 31. Rf1 Qe6 32. Nf5 Nd2 33. Qd1 Nxf1+
34. Qxf1 a1=Q 35. Qg2 Ra2 36. Qg5 Rxb2+ 37. Kg3 Qg1+ 0-1

[Event "BW 2018 B-Open"]
[Site "Bad Woerishofen"]
[Date "2018.02.25"]
[Round "4.8"]
[White "Eschle, Hubert"]
[Black "Bernhard, Thomas"]
[Result "1-0"]
[WhiteElo "1901"]
[BlackElo "1800"]
[Annotator "chessorg"]
[PlyCount "113"]
[EventDate "2018.??.??"]
[WhiteTeam "SR Spaichingen"]
[BlackTeam "SF Gottmadingen"]

1. e4 c5 2. Nf3 d6 3. d4 cxd4 4. Nxd4 Nf6 5. Nc3 a6 6. a4 e6 7. Be3 Be7 8. Be2
Nc6 9. O-O Bd7 10. f4 e5 11. Nf5 Bxf5 12. exf5 O-O 13. g4 d5 14. g5 Ne4 15.
Nxd5 exf4 16. Bb6 Qd6 17. Nxe7+ Nxe7 18. Qxd6 Nxd6 19. f6 Ng6 20. Rad1 Ne4 21.
h4 Ng3 22. Rf2 Nxe2+ 23. Rxe2 Nxh4 24. Kf2 Rfe8 25. Re7 Ng6 26. Rxb7 Rac8 27.
c3 Rc6 28. Rdd7 Nh8 29. Re7 Rcc8 30. c4 gxf6 31. gxf6 h5 32. Rbc7 Kh7 33. Bd4
Kg6 34. b4 h4 35. b5 axb5 36. axb5 h3 37. b6 Kf5 38. b7 Rb8 39. Rxe8 Rxe8 40.
Rc8 h2 41. Kg2 Re2+ 42. Kh1 Ng6 43. b8=Q Kg4 44. Re8 Rd2 45. Qc8+ Kg3 46. Re1
Nh4 47. Qg8+ Ng6 48. Qxf7 Nh4 49. Qg7+ Kh3 50. Ra1 Rxd4 51. Ra3+ f3 52. Rxf3+
Nxf3 53. Qg2+ Kh4 54. Qxf3 Rxc4 55. Kxh2 Rc2+ 56. Kh1 Rc1+ 57. Kg2 1-0

[Event "BW 2018 B-Open"]
[Site "Bad Woerishofen"]
[Date "2018.02.25"]
[Round "4.9"]
[White "Redemann, Dietmar"]
[Black "Buchaeckert, Juergen"]
[Result "1/2-1/2"]
[WhiteElo "1791"]
[BlackElo "1859"]
[Annotator "chessorg"]
[PlyCount "30"]
[EventDate "2018.??.??"]
[WhiteTeam "SC Schwabmuenchen"]
[BlackTeam "SK 1912 Ludwigshafen"]

1. c4 Nf6 2. g3 g6 3. Bg2 Bg7 4. Nc3 O-O 5. e4 d6 6. Nge2 e5 7. O-O c6 8. d3
Be6 9. h3 Nfd7 10. f4 f5 11. b3 Na6 12. Ba3 Qc7 13. Qd2 Rad8 14. Rad1 Rfe8 15.
Kh1 Nf6 1/2-1/2

[Event "BW 2018 B-Open"]
[Site "Bad Woerishofen"]
[Date "2018.02.25"]
[Round "4.17"]
[White "Haugg, Gerhard"]
[Black "Natoli, Domenico"]
[Result "0-1"]
[WhiteElo "1800"]
[BlackElo "1737"]
[Annotator "chessorg"]
[PlyCount "62"]
[EventDate "2018.??.??"]
[BlackTeam "CENTROSCACCHI PALERMO"]

1. e4 c5 2. d4 cxd4 3. Qxd4 Nc6 4. Qe3 Nf6 5. Bb5 a6 6. Bxc6 bxc6 7. Nf3 e6 8.
O-O Qc7 9. b3 Be7 10. Bb2 O-O 11. c4 d5 12. Nbd2 Bb7 13. Rac1 c5 14. exd5 exd5
15. Rfe1 Rfe8 16. Bxf6 gxf6 17. cxd5 Bxd5 18. Qc3 Qf4 19. Re3 Bd6 20. Rce1 Rxe3
21. Qxe3 Qxe3 22. Rxe3 Be6 23. Ne4 Be7 24. Rc3 Rc8 25. h3 c4 26. Ned2 Bb4 27.
Rc1 c3 28. Ne4 Kg7 29. Nd4 Bd5 30. f3 Bxe4 31. fxe4 Bc5 0-1

[Event "BW 2018 B-Open"]
[Site "Bad Woerishofen"]
[Date "2018.02.25"]
[Round "4.18"]
[White "Schmidt, Alfred"]
[Black "Bogner, Simon"]
[Result "1-0"]
[WhiteElo "1784"]
[BlackElo "1674"]
[Annotator "chessorg"]
[PlyCount "65"]
[EventDate "2018.??.??"]
[WhiteTeam "SF Bad Groenenbach"]
[BlackTeam "SK Buchloe"]

1. e4 d6 2. f4 Nf6 3. Nc3 g6 4. Nf3 Bg7 5. Bc4 c6 6. e5 Ng4 7. h3 d5 8. Bb3 Nh6
9. d4 O-O 10. Be3 Nf5 11. Bf2 e6 12. g4 Ne7 13. Qd2 b5 14. a3 Nd7 15. O-O a6
16. Ne2 Nb6 17. c3 Qc7 18. Ng3 Nc4 19. Bxc4 bxc4 20. Be3 Bd7 21. h4 Rfb8 22. h5
Rb3 23. hxg6 hxg6 24. Ra2 Rab8 25. Qh2 R8b7 26. Ng5 Qb8 27. Bc1 Qc7 28. Nh7 Bc8
29. Nf6+ Kf8 30. f5 exf5 31. Bh6 Ng8 32. Bxg7+ Kxg7 33. Qh7+ 1-0

[Event "BW 2018 B-Open"]
[Site "Bad Woerishofen"]
[Date "2018.02.25"]
[Round "4.19"]
[White "Cremonini, Stefano"]
[Black "Yang, David"]
[Result "0-1"]
[WhiteElo "1591"]
[BlackElo "1829"]
[Annotator "chessorg"]
[PlyCount "64"]
[EventDate "2018.??.??"]
[BlackTeam "SK Germering"]

1. d4 e6 2. Nf3 Nf6 3. Bf4 c5 4. c3 cxd4 5. Nxd4 d6 6. Bg3 a6 7. e3 b5 8. Be2
Bb7 9. O-O Ne4 10. Nd2 Nxg3 11. hxg3 Be7 12. Bf3 d5 13. e4 O-O 14. exd5 Bxd5
15. Bxd5 Qxd5 16. Qf3 Rd8 17. Qxd5 Rxd5 18. N2f3 Ra7 19. Rfe1 Bf6 20. Re2 b4
21. Rc2 bxc3 22. Rxc3 Rd8 23. Rac1 Rad7 24. Rc4 Kf8 25. Nc6 Nxc6 26. Rxc6 Bxb2
27. R1c2 Bf6 28. Rxa6 Rd1+ 29. Kh2 g5 30. g4 Kg7 31. Kg3 R8d3 32. Rcc6 Be5+ 0-1

[Event "BW 2018 B-Open"]
[Site "Bad Woerishofen"]
[Date "2018.02.25"]
[Round "4.21"]
[White "Bauer, Wolfgang"]
[Black "Kearsley, Raymond"]
[Result "1-0"]
[WhiteElo "1760"]
[BlackElo "1616"]
[Annotator "chessorg"]
[PlyCount "35"]
[EventDate "2018.??.??"]
[WhiteTeam "SC Dillingen"]
[BlackTeam "Wimbledon"]

1. c4 c5 2. Nc3 g6 3. g3 Bg7 4. Bg2 Nf6 5. Nf3 O-O 6. O-O Nc6 7. d4 cxd4 8.
Nxd4 e5 9. Ndb5 a6 10. Nd6 Qc7 11. c5 h6 12. Na4 Rb8 13. Nb6 Ne7 14. b4 Rd8 15.
Qb3 Rf8 16. Rd1 Ne8 17. Ndxc8 Nxc8 18. Rxd7 1-0

[Event "BW 2018 B-Open"]
[Site "Bad Woerishofen"]
[Date "2018.02.25"]
[Round "4.22"]
[White "Felber, Gerald"]
[Black "Sauerwein, Martin"]
[Result "0-1"]
[WhiteElo "1742"]
[BlackElo "1527"]
[Annotator "chessorg"]
[PlyCount "42"]
[EventDate "2018.??.??"]
[WhiteTeam "SC Schwarz-Weiß Lichtenrade e.V."]

1. c4 Nf6 2. Nf3 d6 3. Nc3 g6 4. g3 Bg7 5. Bg2 e5 6. d4 exd4 7. Nxd4 O-O 8. O-O
Nbd7 9. b4 c5 10. bxc5 dxc5 11. Ndb5 Ne8 12. Bf4 a6 13. Qa4 Nb6 14. Qa5 axb5
15. Rad1 Rxa5 16. Rxd8 Bxc3 17. Rc1 b4 18. Bg5 Rxa2 19. Be7 Ra5 20. Bxf8 Kxf8
21. Rcd1 Ke7 0-1

[Event "BW 2018 B-Open"]
[Site "Bad Woerishofen"]
[Date "2018.02.25"]
[Round "4.26"]
[White "Gupta, Sara"]
[Black "Hoerhold, Karola"]
[Result "1-0"]
[WhiteElo "1315"]
[BlackElo "1681"]
[Annotator "chessorg"]
[PlyCount "78"]
[EventDate "2018.??.??"]
[BlackTeam "SV Meschede e.V."]

1. e4 e5 2. Nf3 Nc6 3. d4 exd4 4. Nxd4 Nf6 5. Nxc6 bxc6 6. e5 Qe7 7. Qe2 Nd5 8.
c4 Ba6 9. b3 Qh4 10. Bb2 Bb4+ 11. Nd2 Nc3 12. Qe3 Ne4 13. Rd1 O-O 14. Ba3 Bxa3
15. Qxe4 Qh6 16. Bd3 d5 17. exd6 Rae8 18. d7 Rxe4+ 19. Bxe4 Bb4 20. Bf5 Qd6 21.
f3 Qe5+ 22. Be4 f5 23. Kf1 fxe4 24. Nxe4 Bd6 25. Kf2 Qe7 26. c5 Bxc5+ 27. Nxc5
Qxc5+ 28. Kg3 Qg5+ 29. Kf2 Rd8 30. Rhe1 Kf7 31. g3 Qf5 32. Re4 Qc5+ 33. Ke1
Qg1+ 34. Kd2 Rxd7+ 35. Kc3 Qxd1 36. Rf4+ Kg8 37. b4 Qd2+ 38. Kb3 Rd3+ 39. Ka4
Qxa2# 1-0

[Event "BW 2018 B-Open"]
[Site "Bad Woerishofen"]
[Date "2018.02.25"]
[Round "4.27"]
[White "Seepe, Uwe"]
[Black "Goetz, Sibylle"]
[Result "1-0"]
[WhiteElo "1640"]
[BlackElo "1236"]
[Annotator "chessorg"]
[PlyCount "39"]
[EventDate "2018.??.??"]
[WhiteTeam "SV Koenigsspringer Lemgo e.V."]
[BlackTeam "SC Siegburg"]

1. d4 d5 2. Nf3 c6 3. Nbd2 Nd7 4. e4 dxe4 5. Nxe4 g6 6. c3 Ngf6 7. Bd3 Bg7 8.
O-O O-O 9. Re1 Re8 10. Bd2 h6 11. Qc2 Nb6 12. Nxf6+ Bxf6 13. Bxh6 Bf5 14. Bxf5
gxf5 15. Qxf5 Qd6 16. Qg4+ Kh7 17. Bf4 Qd7 18. Qh5+ Kg8 19. Ng5 Rf8 20. Qh7#
1-0

[Event "BW 2018 B-Open"]
[Site "Bad Woerishofen"]
[Date "2018.02.25"]
[Round "4.28"]
[White "Vaclahovsky, Gerhard"]
[Black "Schwirz, Horst"]
[Result "1-0"]
[WhiteElo "1684"]
[BlackElo "1559"]
[Annotator "chessorg"]
[PlyCount "35"]
[EventDate "2018.??.??"]
[WhiteTeam "SK Keres-Augsburg 1980"]
[BlackTeam "Niendorfer TSV 1919 SAbt"]

1. e4 e5 2. Nf3 Nc6 3. d4 exd4 4. Nxd4 Bc5 5. Be3 Qf6 6. c3 Nge7 7. Be2 O-O 8.
O-O d6 9. a4 a5 10. Na3 Qg6 11. Bf3 Ne5 12. Kh1 f5 13. exf5 Nxf5 14. Nxf5 Nxf3
15. Ne7+ Kh8 16. Nxg6+ hxg6 17. Bxc5 dxc5 18. gxf3 1-0

[Event "BW 2018 B-Open"]
[Site "Bad Woerishofen"]
[Date "2018.02.25"]
[Round "4.29"]
[White "Huber, Dorit"]
[Black "Meroni, Alberto"]
[Result "1-0"]
[WhiteElo "1563"]
[BlackElo "1028"]
[Annotator "chessorg"]
[PlyCount "47"]
[EventDate "2018.??.??"]
[WhiteTeam "SK Germering"]

1. d4 Nf6 2. Bf4 d6 3. e3 g6 4. Bd3 Bg7 5. c3 O-O 6. h3 Nc6 7. Nf3 b6 8. Nbd2
Bb7 9. Bh2 Re8 10. O-O e5 11. dxe5 dxe5 12. Qc2 Re7 13. e4 Rd7 14. Bb5 a6 15.
Bxc6 Bxc6 16. Bxe5 Re7 17. Nd4 Bd7 18. Bg3 c5 19. Ne2 Bc6 20. f3 Rd7 21. Rad1
Nh5 22. Bh2 Bh6 23. Nc4 Qc7 24. Bxc7 1-0

[Event "BW 2018 B-Open"]
[Site "Bad Woerishofen"]
[Date "2018.02.28"]
[Round "6.1"]
[White "Kerber, Alfred"]
[Black "Pensold, Heiko"]
[Result "0-1"]
[WhiteElo "1939"]
[BlackElo "1958"]
[Annotator "chessorg"]
[PlyCount "106"]
[EventDate "2018.??.??"]
[WhiteTeam "SK Reutte"]

1. e4 Nc6 2. d4 d5 3. exd5 Qxd5 4. Nf3 Bg4 5. Be2 e6 6. O-O Nf6 7. c4 Qf5 8.
Nc3 Rd8 9. Qb3 Rb8 10. d5 Bxf3 11. Bxf3 Nd4 12. Qa4+ Nd7 13. dxe6 Nxf3+ 14.
gxf3 fxe6 15. Re1 c6 16. Ne4 Be7 17. Ng3 Qxf3 18. Rxe6 O-O 19. Rxe7 Qxf2+ 20.
Kh1 Nc5 21. Qd1 Rbd8 22. Qe2 Qxe2 23. Rxe2 Rd1+ 24. Kg2 Nd3 25. Re7 Nxc1 26.
Rxb7 Rd2+ 27. Kh3 Nd3 28. Ne4 Rf3+ 29. Ng3 Rf4 30. Rf1 Nf2+ 31. Kg2 g6 32. Kg1
h5 33. Re1 h4 34. Re8+ Rf8 35. Rxf8+ Kxf8 36. Nf1 Nh3+ 37. Kh1 Rf2 38. Ne3 Nf4
39. Kg1 Re2 40. Rb3 Ke7 41. a4 Kd6 42. Rc3 Rxb2 43. c5+ Ke6 44. Rc4 g5 45. Re4+
Kf6 46. Re8 Ra2 47. Rc8 Ke5 48. Rxc6 Ke4 49. Nd1 Kf3 50. Rf6 Rc2 51. Rf5 Rd2
52. Nc3 Rc2 53. Nd1 Rc1 0-1

[Event "BW 2018 B-Open"]
[Site "Bad Woerishofen"]
[Date "2018.02.28"]
[Round "6.3"]
[White "Listl, Rudolf"]
[Black "Bossoni, Mario"]
[Result "0-1"]
[WhiteElo "1975"]
[BlackElo "1907"]
[Annotator "chessorg"]
[PlyCount "56"]
[EventDate "2018.??.??"]
[WhiteTeam "SC Peiting"]

1. e4 c5 2. d3 Nc6 3. g3 Nf6 4. Bg2 e6 5. Nc3 d5 6. Bg5 Be7 7. exd5 exd5 8.
Bxf6 Bxf6 9. Nxd5 Bxb2 10. Rb1 Be5 11. f4 Be6 12. fxe5 Bxd5 13. Nf3 Qa5+ 14.
Kf2 O-O 15. Re1 Rad8 16. Rxb7 Qxa2 17. Rb5 Bxf3 18. Bxf3 Nb4 19. Kg1 Nxc2 20.
Re2 Qa4 21. Rxc5 Qd4+ 22. Kh1 Qxc5 23. Rxc2 Qxe5 24. Rc4 Rd4 25. Qa1 Rfd8 26.
Ra4 Qe3 27. Be4 Rxa4 28. Qxa4 Rb8 0-1

[Event "BW 2018 B-Open"]
[Site "Bad Woerishofen"]
[Date "2018.02.28"]
[Round "6.4"]
[White "Eschle, Hubert"]
[Black "Natoli, Domenico"]
[Result "1-0"]
[WhiteElo "1901"]
[BlackElo "1737"]
[Annotator "chessorg"]
[PlyCount "51"]
[EventDate "2018.??.??"]
[WhiteTeam "SR Spaichingen"]
[BlackTeam "CENTROSCACCHI PALERMO"]

1. e4 c5 2. Nf3 d6 3. d4 cxd4 4. Nxd4 Nf6 5. Nc3 a6 6. a4 e5 7. Nb3 Qc7 8. Be2
Be7 9. O-O Be6 10. Kh1 Nbd7 11. Be3 Nb6 12. f3 Bc4 13. Nd2 Bxe2 14. Qxe2 Rc8
15. Rad1 O-O 16. g4 Rfd8 17. g5 Nh5 18. Bxb6 Qxb6 19. Nd5 Bxg5 20. Nxb6 Rxc2
21. Qd3 Rxb2 22. Ndc4 Ra2 23. Nd5 Rxa4 24. Nxe5 Nf4 25. Nxf4 Bxf4 26. Qb3 1-0

[Event "BW 2018 B-Open"]
[Site "Bad Woerishofen"]
[Date "2018.02.28"]
[Round "6.5"]
[White "Urban, Rudolf"]
[Black "Spanton, Timothy"]
[Result "1/2-1/2"]
[WhiteElo "1841"]
[BlackElo "1901"]
[Annotator "chessorg"]
[PlyCount "83"]
[EventDate "2018.??.??"]
[WhiteTeam "SC Roter Turm Altstadt"]

1. d4 d5 2. c4 e5 3. cxd5 Qxd5 4. e3 Nc6 5. Nc3 Bb4 6. Bd2 Bxc3 7. bxc3 Nf6 8.
Qb3 exd4 9. exd4 O-O 10. Qxd5 Nxd5 11. Bd3 Re8+ 12. Ne2 Bg4 13. f3 Bh5 14. Kf2
Re7 15. Ng3 Bg6 16. Ne4 f5 17. Ng5 h6 18. Bc4 Rd8 19. Nh3 Bf7 20. Bd3 Be6 21.
Nf4 Nxf4 22. Bxf4 Nxd4 23. cxd4 Rxd4 24. Ke3 c5 25. Be5 f4+ 26. Kd2 Rxd3+ 27.
Kxd3 Bf5+ 28. Kc3 Rxe5 29. Rhe1 Rd5 30. Rad1 Rxd1 31. Rxd1 Be6 32. a3 Kf7 33.
Re1 g5 34. h4 Kf6 35. hxg5+ hxg5 36. Rh1 Bd5 37. Rh6+ Ke5 38. Rg6 Kf5 39. Rg7
Kf6 40. Rd7 Ke6 41. Rg7 Kf6 42. Rd7 1/2-1/2